000 00606cam a2200193 4500
001 B3500
008 090401t1991 xxu||||| |||| 00| 0 eng d
035 _a(Sirsi) u56339
041 _aeng
050 _a333.3370973
245 _a1991 commercial property trends: a look at office, industrial, retail and investment markets in North America and Europe
260 _aLondon
_bEdward Erdman
_c1991
300 _a24p. ; 30cm.
350 _a0
520 _aAn Office Network report.
650 _aCANADA/ FLOORSPACE STATISTICS/ GERMANY/ INDUSTRIAL PROPERTY/ OFFICES/
942 _n0
948 _c04/03/1997
999 _c93775
_d93775